Post-conflict reconstruction : (Record no. 1918)

MARC details
000 -LEADER
fixed length control field 00976cam a2200289 a 4500
001 - CONTROL NUMBER
control field 4506153
003 - CONTROL NUMBER IDENTIFIER
control field OSt
005 - DATE AND TIME OF LATEST TRANSACTION
control field 20150528124304.0
008 - FIXED-LENGTH DATA ELEMENTS--GENERAL INFORMATION
fixed length control field 980317s1998 dcu b i000 0 eng
010 ## - LIBRARY OF CONGRESS CONTROL NUMBER
LC control number 98017913
020 ## - INTERNATIONAL STANDARD BOOK NUMBER
International Standard Book Number 0821342150
040 ## - CATALOGING SOURCE
Original cataloging agency DLC
Transcribing agency DLC
Modifying agency DLC
043 ## - GEOGRAPHIC AREA CODE
Geographic area code d------
050 00 - LIBRARY OF CONGRESS CALL NUMBER
Classification number HG3881.5.W57
Item number P67 1998
082 00 - DEWEY DECIMAL CLASSIFICATION NUMBER
Classification number 388 W57p 1998
Edition number 21
245 00 - TITLE STATEMENT
Title Post-conflict reconstruction :
Remainder of title the role of the World Bank.
260 ## - PUBLICATION, DISTRIBUTION, ETC. (IMPRINT)
Place of publication, distribution, etc. Washington, D.C. :
Name of publisher, distributor, etc. World Bank,
Date of publication, distribution, etc. c1998.
300 ## - PHYSICAL DESCRIPTION
Extent x, 69 p. ;
Dimensions 23cm.
504 ## - BIBLIOGRAPHY, ETC. NOTE
Bibliography, etc Includes bibliographical references (p. 69).
610 20 - SUBJECT ADDED ENTRY--CORPORATE NAME
Corporate name or jurisdiction name as entry element World Bank.
9 (RLIN) 955
650 #0 - SUBJECT ADDED ENTRY--TOPICAL TERM
Topical term or geographic name as entry element Economic assistance
Geographic subdivision Developing countries.
9 (RLIN) 5044
710 2# - ADDED ENTRY--CORPORATE NAME
Corporate name or jurisdiction name as entry element World Bank.
9 (RLIN) 955
856 7# - ELECTRONIC LOCATION AND ACCESS
Materials specified Table of contents
Uniform Resource Identifier <a href="http://lcweb.loc.gov/catdir/toc/98-17913.html">http://lcweb.loc.gov/catdir/toc/98-17913.html</a>
Access method http
906 ## - LOCAL DATA ELEMENT F, LDF (RLIN)
a 7
b cbc
c orignew
d 1
e ocip
f 19
g y-gencatlg
942 ## - ADDED ENTRY ELEMENTS (KOHA)
Source of classification or shelving scheme Other/Generic Classification Scheme
Koha item type Short Loan
Holdings
Withdrawn status Lost status Source of classification or shelving scheme Damaged status Not for loan Home library Current library Date acquired Source of acquisition Inventory number Total Checkouts Full call number Barcode Date last seen Price effective from Koha item type
    Other/Generic Classification Scheme     MUST Main Library MUST Main Library 28/05/2015 Purchase 2002/16742   388 W57p 1998 2015-1655 28/05/2015 28/05/2015 Short Loan
    Other/Generic Classification Scheme     MUST Main Library MUST Main Library 28/05/2015 Purchase 2002/16744   388 W57p 1998 2015-1666 28/05/2015 28/05/2015 Short Loan
    Dewey Decimal Classification     MUST Main Library MUST Main Library 13/05/2016   2002/16738   388 W57p 1998 2016-1880 13/05/2016 13/05/2016 Short Loan